THE VERY BEST OF ABDUL KALAM (Record no. 5527)
[ view plain ]
| 000 -LEADER | |
|---|---|
| fixed length control field | 00341nam a22001337a 4500 |
| 020 ## - INTERNATIONAL STANDARD BOOK NUMBER | |
| ISBN | 978-81-291-3456-1 |
| 082 ## - DEWEY DECIMAL CLASSIFICATION NUMBER | |
| Classification number | 158 |
| Item number | APJ/A |
| 100 ## - MAIN ENTRY--AUTHOR NAME | |
| Personal name | ABDUL KALAM,A.P.J |
| 245 ## - TITLE STATEMENT | |
| Title | THE VERY BEST OF ABDUL KALAM |
| Remainder of title | THE RIGHTEOUS LIFE |
| 260 ## - PUBLICATION, DISTRIBUTION, ETC. (IMPRINT) | |
| Place of publication | NEW DELHI |
| Name of publisher | RUPA |
| 300 ## - PHYSICAL DESCRIPTION | |
| Number of Pages | 226 |
| 650 ## - SUBJECT ADDED ENTRY--TOPICAL TERM | |
| Topical Term | SELECTED WRITINGS & LECTURES |
| Geographic subdivision | NEW DELHI |
| 942 ## - ADDED ENTRY ELEMENTS (KOHA) | |
| Koha item type | Books |
| Withdrawn status | Lost status | Collection code | Home library | Current library | Shelving location | Date acquired | Source of acquisition | Full call number | Accession Number | Koha item type |
|---|---|---|---|---|---|---|---|---|---|---|
| Non-fiction | Main Library | Main Library | SHELF-17-I-BIOGRAPHIES & AUTOBIOGRAPHIES | 17/09/2015 | PURCHASE | 158 APJ/A | 00955 | Books | ||
| Non-fiction | Main Library | Main Library | SHELF-17-I-BIOGRAPHIES & AUTOBIOGRAPHIES | 13/07/2015 | PURCHASE | 158 APJ/A | 07583 | Books | ||
| Non-fiction | Main Library | Main Library | SHELF-17-I-BIOGRAPHIES & AUTOBIOGRAPHIES | 05/11/2016 | PURCHASE | 158 APJ/A | 09801 | Books |